State of Grace (TV) - Taylor Swift (All Lyrics) - Statistics

General Stats
  • This quiz has been taken 123 times
    112 since last reset
  • The average score is 256 of 277
Answer Stats
Lyrics % Correct
a
100%
and
100%
And
100%
I
100%
(I
100%
is
100%
never
100%
never)
100%
the
100%
this
100%
This
100%
you
100%
You
100%
go
98%
I'll
98%
(I'll
98%
of
98%
we
98%
We
98%
(We
98%
your
98%
are
97%
it
97%
love
97%
Love
97%
same
97%
same,
97%
Saw
97%
Be
95%
grace
95%
I'm
95%
lights
95%
state
95%
to
95%
walkin'
95%
You're
95%
all
93%
comin'
93%
don't
93%
good
93%
know
93%
me
93%
right
93%
streets
93%
traffic
93%
were
93%
Busy
92%
busy
92%
But
92%
(But
92%
in
92%
let
92%
my
92%
play
92%
fast
90%
fight
90%
game
90%
through
90%
touch
90%
wild
90%
wild)
90%
with
90%
alone
88%
alone,
88%
just
88%
Just
88%
live
88%
oh
88%
These
88%
Achilles
86%
broken
86%
lives
86%
ruthless
86%
time
86%
Unless
86%
eyes
85%
hearts
85%
hearts)
85%
heel
85%
minds
85%
or
85%
room
85%
saint
85%
So
85%
(So
85%
worthwhile
85%
blue
83%
four
83%
hurts
83%
our
83%
twin
83%
bleeds
81%
changing
81%
fall
81%
hands
81%
signs,
81%
wrong
81%
wrong)
81%
come
80%
fades
80%
fate
80%
fire
80%
loved
80%
like
78%
pain,
78%
real
78%
shades
78%
'til
78%
age
76%
golden
76%
learn
76%
somethin'
76%
around
73%
Up
73%
clean
71%
cannonball
69%
Pierce
69%
brave
68%
mosaic
68%
armor
64%
slates
64%
falls
63%
Now
63%
No matching quizzes found
Score Distribution
Percent of People with Each Score
Percentile by Number Answered
Your Score History
You have not taken this quiz since the last reset